Authority in language (0 415 17413 9)

में बचाया:
ग्रंथसूची विवरण
मुख्य लेखक: JAMES MILROY
स्वरूप: पुस्तक
भाषा:Undetermined
प्रकाशित: Routledge 1998
टैग : टैग जोड़ें
कोई टैग नहीं, इस रिकॉर्ड को टैग करने वाले पहले व्यक्ति बनें!
Thư viện lưu trữ: Trung tâm Học liệu Trường Đại học Cần Thơ
LEADER 00399nam a2200145Ia 4500
001 CTU_49361
008 210402s9999 xx 000 0 und d
082 |a 428 
082 |b M662 
100 |a JAMES MILROY 
245 0 |a Authority in language (0 415 17413 9) 
245 0 |c JAMES MILROY, Lesley Milroy 
260 |b Routledge 
260 |c 1998 
980 |a Trung tâm Học liệu Trường Đại học Cần Thơ